000 00319nam a22001337a 4500
008 181029b xxu||||| |||| 00| 0 eng d
020 _a2740356213751
041 _aeng
080 _29 ED
_a621
100 _a26
101 _aENG
245 _aProbality Statistics For Enginering
_cJohnson.R.A
942 _2udc
_cBK
999 _c50987
_d50987